[Event "Copa Latina 2015"]
[Site "Vicente Lopez ARG"]
[Date "2015.03.23"]
[Round "6.40"]
[White "Ferrara, Alexis"]
[Black "Galleto, Ricardo"]
[Result "0-1"]
[WhiteElo "2113"]
[BlackElo "1986"]
[PlyCount "60"]
[EventDate "2015.03.19"]
[EventType "swiss"]
[EventRounds "9"]
[EventCountry "ARG"]
[Source "lmi"]
[SourceDate "2015.03.19"]

1. Nf3 d5 2. d4 Nc6 3. Bf4 Bg4 4. c3 Bxf3 5. exf3 e6 6. Bd3 Nf6 7. Nd2 Be7 8.
Qe2 Nd7 9. Bg3 Bf6 10. f4 Kf8 11. Nf3 Ne7 12. Ne5 h5 13. f3 g6 14. Bf2 h4 15.
O-O Nf5 16. Rfe1 Nxe5 17. dxe5 Be7 18. g4 hxg3 19. hxg3 Kg7 20. Kg2 c5 21. Rh1
Qc7 22. g4 Nh4+ 23. Bxh4 Rxh4 24. Rxh4 Bxh4 25. g5 Qe7 26. Rh1 Rh8 27. Rh3 c4
28. Bc2 Qc5 29. Qd2 Rh5 30. Kf1 Be1 0-1

[Event "Copa Latina 2015"]
[Site "Vicente Lopez ARG"]
[Date "2015.03.23"]
[Round "6.41"]
[White "Rengifo Blancas, Renzo Jhonath"]
[Black "Bruce, Shannon Hill"]
[Result "1-0"]
[WhiteElo "1884"]
[BlackElo "2112"]
[PlyCount "129"]
[EventDate "2015.03.19"]
[EventType "swiss"]
[EventRounds "9"]
[EventCountry "ARG"]
[Source "lmi"]
[SourceDate "2015.03.19"]

1. e4 e5 2. Nf3 Nf6 3. Nxe5 d6 4. Nf3 Nxe4 5. Nc3 Nxc3 6. dxc3 Be7 7. Be3 Nd7
8. Qd2 O-O 9. O-O-O c6 10. h4 d5 11. h5 Nf6 12. h6 g6 13. Nd4 c5 14. Ne2 Qa5
15. Kb1 Be6 16. Nc1 Rac8 17. f3 Rfd8 18. Qf2 Qa4 19. Bd3 d4 20. cxd4 cxd4 21.
Bg5 Ne4 22. Bxe4 Bxg5 23. f4 Be7 24. f5 Bc4 25. b3 Qb5 26. fxg6 fxg6 27. Rxd4
Qe5 28. Rhd1 Rf8 29. Qe1 Be6 30. Bxg6 Qxe1 31. Rxe1 Bc5 32. Rde4 Bd5 33. Re5
Bxg2 34. Rg5 hxg6 35. Rxg6+ Kh7 36. Rxg2 Rc7 37. c3 Rf6 38. Nd3 Bf8 39. Kc2
Rxh6 40. Nf4 Bg7 41. Re3 Rf7 42. Ne6 Bf6 43. Rf3 Re7 44. Nf8+ Kh8 45. Ng6+ Rxg6
46. Rxg6 Bg7 47. Rg2 Rc7 48. a4 Kg8 49. b4 Rf7 50. Rxf7 Kxf7 51. c4 Be5 52. Kd3
Ke6 53. c5 Kd7 54. Kc4 Kc7 55. b5 Ba1 56. Kd5 Bc3 57. Rh2 Ba1 58. Rh7+ Kc8 59.
c6 bxc6+ 60. Kxc6 Bd4 61. a5 Kb8 62. Rd7 Bf6 63. Rf7 Bd8 64. Rf8 Kc8 65. b6 1-0

[Event "Copa Latina 2015"]
[Site "Vicente Lopez ARG"]
[Date "2015.03.23"]
[Round "6.42"]
[White "Hernandez Amura, Gilberto"]
[Black "Cisneros, German"]
[Result "1-0"]
[WhiteElo "2102"]
[BlackElo "1981"]
[PlyCount "109"]
[EventDate "2015.03.19"]
[EventType "swiss"]
[EventRounds "9"]
[EventCountry "ARG"]
[Source "lmi"]
[SourceDate "2015.03.19"]

1. d4 g6 2. e4 Bg7 3. Nf3 c5 4. dxc5 Na6 5. Bc4 Nxc5 6. O-O Ne6 7. Nc3 Nf6 8.
Qe2 O-O 9. e5 Ne8 10. Be3 N8c7 11. Rad1 b6 12. Rd2 Bb7 13. Rfd1 Bc6 14. Nd5 b5
15. Bb3 Na6 16. Nd4 Nxd4 17. Bxd4 Nc7 18. Nb4 Bb7 19. Bc5 a5 20. Rxd7 Qc8 21.
Bxe7 Re8 22. e6 Nxe6 23. Bxe6 fxe6 24. Qxe6+ Kh8 25. Qf7 Qc4 26. Qxc4 bxc4 27.
Nd5 Bxd5 28. R1xd5 Bxb2 29. g3 Kg8 30. Kf1 a4 31. Rb7 Rab8 32. Rxb8 Rxb8 33.
Ra5 Rb7 34. Bc5 Rc7 35. Be3 a3 36. Bc5 Bc3 37. Rxa3 Rxc5 38. Rxc3 Kf7 39. Ke2
Ke6 40. Re3+ Kd6 41. Kd2 Rf5 42. f4 Ra5 43. Re4 Ra4 44. Kc3 Kd5 45. Re7 h6 46.
Rd7+ Kc5 47. Rh7 h5 48. Rg7 Ra3+ 49. Kd2 Ra6 50. f5 gxf5 51. Rg5 Kd4 52. Rxf5
c3+ 53. Ke2 Rxa2 54. Rf4+ Ke5 55. Kd3 1-0

[Event "Copa Latina 2015"]
[Site "Vicente Lopez ARG"]
[Date "2015.03.23"]
[Round "6.44"]
[White "Bourgeois, William"]
[Black "Romanelli, Gabriel"]
[Result "0-1"]
[WhiteElo "1879"]
[BlackElo "2090"]
[PlyCount "104"]
[EventDate "2015.03.19"]
[EventType "swiss"]
[EventRounds "9"]
[EventCountry "ARG"]
[Source "lmi"]
[SourceDate "2015.03.19"]

1. c4 e5 2. g3 Nf6 3. Bg2 d5 4. cxd5 Nxd5 5. Nc3 Nb6 6. Nf3 Nc6 7. O-O Be7 8.
e3 O-O 9. Qe2 f5 10. Rd1 Bf6 11. d4 e4 12. Ne1 Kh8 13. f3 exf3 14. Bxf3 Re8 15.
Qg2 Rb8 16. Nc2 Ne7 17. e4 fxe4 18. Nxe4 Ned5 19. Nxf6 gxf6 20. Be4 Bg4 21. Rf1
Qd7 22. Rf2 Re7 23. Bd2 Rbe8 24. Bd3 Bh3 25. Qf3 Qg4 26. Qxg4 Bxg4 27. Kg2 Be2
28. Bxe2 Rxe2 29. b3 Kg7 30. Raf1 Kg6 31. Kf3 Rxf2+ 32. Rxf2 h5 33. a4 a6 34.
a5 Nc8 35. Re2 Rxe2 36. Kxe2 Kf5 37. Ne3+ Ke4 38. Nxd5 Kxd5 39. Kd3 Nd6 40. Bf4
Nb5 41. Be3 c6 42. h3 f5 43. Bf2 Nc7 44. Bg1 Ne6 45. Be3 Nf8 46. Bf4 Ng6 47.
Bg5 Nf8 48. Bf4 Ne6 49. Be3 Nc7 50. Bf4 Nb5 51. Be3 Nd6 52. b4 Ne4 0-1

[Event "Copa Latina 2015"]
[Site "Vicente Lopez ARG"]
[Date "2015.03.23"]
[Round "6.53"]
[White "Caetano, Hugo Zanotti Mendon"]
[Black "Lang, German"]
[Result "1-0"]
[WhiteElo "2245"]
[BlackElo "1887"]
[PlyCount "54"]
[EventDate "2015.03.19"]
[EventType "swiss"]
[EventRounds "9"]
[EventCountry "ARG"]
[Source "lmi"]
[SourceDate "2015.03.19"]

1. d4 f5 2. c4 Nf6 3. g3 g6 4. Bg2 Bg7 5. Nh3 d5 6. cxd5 Nxd5 7. Nc3 c6 8. O-O
O-O 9. Bg5 Nxc3 10. bxc3 Be6 11. Rb1 Qd7 12. Qd2 Bd5 13. f3 Bc4 14. Rfe1 e5 15.
Red1 e4 16. fxe4 fxe4 17. Nf2 e3 18. Bxe3 Re8 19. Bf3 Qe6 20. Bh6 Bxe2 21. Re1
Bxh6 22. Qxh6 Bxf3 23. Rxe6 Rxe6 24. Qf4 Bd5 25. Ng4 Nd7 26. Nh6+ Kh8 27. Nf7+
Kg8 1-0

[Event "Copa Latina 2015"]
[Site "Vicente Lopez ARG"]
[Date "2015.03.23"]
[Round "6.59"]
[White "Da Silva, Joao Carlos Orguim"]
[Black "Wainer, Daniel"]
[Result "1/2-1/2"]
[WhiteElo "1895"]
[BlackElo "2117"]
[PlyCount "121"]
[EventDate "2015.03.19"]
[EventType "swiss"]
[EventRounds "9"]
[EventCountry "ARG"]
[Source "lmi"]
[SourceDate "2015.03.19"]

1. Nf3 Nf6 2. d4 g6 3. c4 Bg7 4. Nc3 d5 5. e3 O-O 6. b3 c6 7. Bb2 Bg4 8. Be2
Qb6 9. Qc2 Bf5 10. Bd3 Bxd3 11. Qxd3 e6 12. Nd2 Na6 13. c5 Nb4 14. Qe2 Qa6 15.
Qxa6 Nxa6 16. a3 b5 17. b4 Nc7 18. O-O a5 19. Nb3 axb4 20. axb4 Na6 21. Ba3
Rfc8 22. Na5 Nd7 23. f4 Kf8 24. g4 Naxc5 25. bxc5 Rxa5 26. Bb4 Raa8 27. Nxb5
Rxa1 28. Rxa1 Rb8 29. Na7 Ra8 30. Ra5 Ke8 31. Nxc6 Rc8 32. Na7 Rb8 33. Nc6 Rc8
34. Ra6 Nf6 35. g5 Nd7 36. Kf2 h6 37. h4 hxg5 38. hxg5 Bf8 39. Ke2 Bg7 40. Kd1
Nf8 41. Ke2 f6 42. gxf6 Bxf6 43. Kd3 g5 44. fxg5 Bxg5 45. Be1 Kd7 46. Ne5+ Ke8
47. c6 Bf6 48. Ng4 Bg7 49. Bg3 Ng6 50. Ra7 Ne7 51. c7 Kd7 52. Be5 Nc6 53. Rb7
Bxe5 54. Nxe5+ Nxe5+ 55. dxe5 Rxc7 56. Rxc7+ Kxc7 57. Kc3 Kc6 58. Kb3 Kb5 59.
Kc3 Ka4 60. Kd4 Kb4 61. Kd3 1/2-1/2

[Event "Copa Latina 2015"]
[Site "Vicente Lopez ARG"]
[Date "2015.03.23"]
[Round "6.64"]
[White "Colque, Jonathan"]
[Black "Nieva, Jose Luis"]
[Result "0-1"]
[WhiteElo "1819"]
[BlackElo "1998"]
[PlyCount "86"]
[EventDate "2015.03.19"]
[EventType "swiss"]
[EventRounds "9"]
[EventCountry "ARG"]
[Source "lmi"]
[SourceDate "2015.03.19"]

1. d4 Nf6 2. c4 c5 3. d5 b5 4. cxb5 g6 5. Nc3 a6 6. bxa6 Bxa6 7. e4 Bxf1 8.
Kxf1 d6 9. Nf3 Nbd7 10. g3 Bg7 11. Kg2 O-O 12. h3 Qa5 13. Re1 Rfb8 14. e5 dxe5
15. Nxe5 Nxe5 16. Rxe5 Rb7 17. Qe2 Qd8 18. a4 Rd7 19. Qc4 Qb6 20. Be3 Qxb2 21.
Rb1 Qc2 22. Qxc5 Ng4 23. Rc1 Nxe3+ 24. Qxe3 Qb2 25. Re4 Rc8 26. Ne2 Re8 27. Qc5
Bf6 28. Rcc4 Red8 29. Nf4 g5 30. Nd3 Qd2 31. Nb4 Kg7 32. Rc2 Qd1 33. a5 Qa1 34.
a6 h5 35. Ra2 Qb1 36. Rc4 Rxd5 37. Nxd5 Qxa2 38. Nxf6 exf6 39. Qc6 Rd2 40. Qc5
Qxa6 41. Re4 Rd1 42. Qe3 Qf1+ 43. Kf3 Rd3 0-1

[Event "Copa Latina 2015"]
[Site "Vicente Lopez ARG"]
[Date "2015.03.23"]
[Round "6.66"]
[White "Diaz, Carlos Ezequiel"]
[Black "Castro, Lennin David"]
[Result "0-1"]
[WhiteElo "1672"]
[BlackElo "1958"]
[PlyCount "110"]
[EventDate "2015.03.19"]
[EventType "swiss"]
[EventRounds "9"]
[EventCountry "ARG"]
[Source "lmi"]
[SourceDate "2015.03.19"]

1. e4 c5 2. c3 d5 3. exd5 Qxd5 4. d4 Nf6 5. Nf3 cxd4 6. cxd4 e6 7. Nc3 Qd8 8.
Bd3 Be7 9. O-O O-O 10. Ne5 a6 11. a3 b5 12. b4 Bb7 13. Be3 Nbd7 14. f4 Rc8 15.
Rc1 Nb6 16. Qb3 Nfd5 17. Bd2 Nxc3 18. Bxc3 Bd5 19. Qb1 g6 20. Ba1 Qd6 21. Rc5
f6 22. Ng4 Qd7 23. Rcc1 Kg7 24. Ne3 Ba8 25. Be4 Nd5 26. Nxd5 Bxd5 27. Qd3 Qb7
28. Bxd5 Qxd5 29. Rc3 Rc4 30. Rxc4 bxc4 31. Qc3 Rc8 32. g3 h5 33. Bb2 h4 34. g4
a5 35. bxa5 Bd8 36. a6 Ba5 37. Qf3 Ra8 38. Qxd5 exd5 39. Rc1 Rxa6 40. Bc3 Bc7
41. Bb4 Bxf4 42. Re1 Bd6 43. Rb1 Rb6 44. Kf1 Kf7 45. h3 Bxb4 46. Rxb4 Rxb4 47.
axb4 Ke7 48. Ke2 Kd7 49. Kd2 Kc6 50. b5+ Kxb5 51. Kc3 Ka4 52. Kb2 Kb4 53. Kc2
c3 54. Kb1 Kc4 55. Kc2 Kxd4 0-1

[Event "Copa Latina 2015"]
[Site "Vicente Lopez ARG"]
[Date "2015.03.23"]
[Round "6.67"]
[White "Coro, Richard"]
[Black "Elias, Roberto"]
[Result "0-1"]
[WhiteElo "1617"]
[BlackElo "1845"]
[PlyCount "44"]
[EventDate "2015.03.19"]
[EventType "swiss"]
[EventRounds "9"]
[EventCountry "ARG"]
[Source "lmi"]
[SourceDate "2015.03.19"]

1. e4 c5 2. Nc3 e6 3. f4 d5 4. Nf3 Nc6 5. Bb5 Nge7 6. O-O a6 7. Be2 b5 8. exd5
Nxd5 9. Nxd5 Qxd5 10. a4 Bb7 11. c3 c4 12. b3 Bc5+ 13. Kh1 O-O 14. bxc4 bxc4
15. a5 Bd6 16. Qa4 Bxf4 17. Bxc4 Qd7 18. Nd4 Bc7 19. Ba3 Rfd8 20. Nxc6 Bxc6 21.
Qb4 Qxd2 22. Rg1 Qf4 0-1

[Event "Copa Latina 2015"]
[Site "Vicente Lopez ARG"]
[Date "2015.03.23"]
[Round "6.68"]
[White "Durnhofer, Andrea"]
[Black "Garcia, Cristian Javier"]
[Result "1-0"]
[WhiteElo "1839"]
[BlackElo "1668"]
[PlyCount "58"]
[EventDate "2015.03.19"]
[EventType "swiss"]
[EventRounds "9"]
[EventCountry "ARG"]
[Source "lmi"]
[SourceDate "2015.03.19"]

1. e4 Nf6 2. e5 Nd5 3. Nf3 Nb6 4. d4 d6 5. exd6 exd6 6. Nc3 Bg4 7. Be2 Be7 8.
O-O O-O 9. Bf4 Bf5 10. Re1 Nc6 11. a3 Bf6 12. h3 Re8 13. Qd2 Ne7 14. Bd3 Qd7
15. Ne4 Ned5 16. Nxf6+ Nxf6 17. c4 Ne4 18. Qc2 Qe6 19. Ng5 Qf6 20. Bxe4 Rxe4
21. Nxe4 Qxd4 22. Rad1 Qxc4 23. Qxc4 Nxc4 24. Ng3 Be6 25. Rc1 Rc8 26. Rc2 Kf8
27. Rec1 b5 28. b3 Nxa3 29. Bxd6+ Ke8 1-0

[Event "Copa Latina 2015"]
[Site "Vicente Lopez ARG"]
[Date "2015.03.23"]
[Round "6.75"]
[White "Lallana, Daniel"]
[Black "Saracho, Franco"]
[Result "1-0"]
[WhiteElo "1901"]
[BlackElo "1581"]
[PlyCount "95"]
[EventDate "2015.03.19"]
[EventType "swiss"]
[EventRounds "9"]
[EventCountry "ARG"]
[Source "lmi"]
[SourceDate "2015.03.19"]

1. c4 e5 2. Nc3 Nc6 3. e3 Nf6 4. d4 exd4 5. exd4 d5 6. cxd5 Nxd5 7. a3 Be6 8.
Nf3 Be7 9. Bb5 Nxc3 10. bxc3 Bd7 11. O-O a6 12. Ba4 b5 13. Bc2 Bg4 14. Re1 O-O
15. Qd3 g6 16. Bb3 Na5 17. Ba2 c5 18. Ne5 c4 19. Qe4 Bf5 20. Qf3 Re8 21. Bh6
Be6 22. Bb1 Bg5 23. Bxg5 Qxg5 24. Bc2 Rac8 25. d5 f6 26. dxe6 fxe5 27. Qd5 Nc6
28. Re3 Qf6 29. Be4 Qxe6 30. Qc5 Nd8 31. Qb4 Nf7 32. Qa5 Re7 33. a4 Rb8 34. h4
Qb6 35. Qb4 Qd6 36. Qxd6 Nxd6 37. Bd5+ Kg7 38. Rb1 Rb6 39. g4 Nb7 40. Bxc4 Nd6
41. Bd5 Kf6 42. Kg2 Rc7 43. Rb4 a5 44. g5+ Kf5 45. Kg3 e4 46. Bxe4+ Ke5 47.
Bg2+ Kf5 48. Rf4# 1-0

[Event "Copa Latina 2015"]
[Site "Vicente Lopez ARG"]
[Date "2015.03.23"]
[Round "7.1"]
[White "Flores, Diego"]
[Black "Cori, Jorge"]
[Result "1/2-1/2"]
[WhiteElo "2569"]
[BlackElo "2596"]
[PlyCount "92"]
[EventDate "2015.03.19"]
[EventType "swiss"]
[EventRounds "9"]
[EventCountry "ARG"]
[Source "lmi"]
[SourceDate "2015.03.19"]

1. c4 Nf6 2. g3 c6 3. Bg2 d5 4. Nf3 Bg4 5. Ne5 Be6 6. cxd5 Bxd5 7. Nf3 g6 8.
Nc3 Bg7 9. O-O O-O 10. d3 Bxf3 11. Bxf3 e6 12. Bd2 Nd5 13. Qc2 Nd7 14. Bg2 Qe7
15. a3 Rfe8 16. Rab1 a5 17. Rfc1 Red8 18. Na4 Nc7 19. Nc3 Nf6 20. Qb3 Nce8 21.
Na4 Nd6 22. Nc5 Nd5 23. e3 Nf6 24. d4 e5 25. dxe5 Qxe5 26. Bc3 Qe7 27. Bd4 Nfe8
28. Bxg7 Nxg7 29. Qb6 Ne6 30. Nxe6 fxe6 31. Qc5 Kf7 32. b4 axb4 33. Rxb4 Rd7
34. Rcb1 Nb5 35. Qe5 Nxa3 36. Rf4+ Kg8 37. Bh3 Re8 38. Rf6 Rd5 39. Qb2 Nxb1 40.
Bxe6+ Qxe6 41. Rxe6 Rxe6 42. Qxb1 b5 43. Qa2 Kf7 44. Qa7+ Re7 45. Qb6 Rd6 46.
Kg2 Rde6 1/2-1/2

[Event "Copa Latina 2015"]
[Site "Vicente Lopez ARG"]
[Date "2015.03.23"]
[Round "7.2"]
[White "Bachmann, Axel"]
[Black "Molina, Roberto Junio Brito"]
[Result "1-0"]
[WhiteElo "2614"]
[BlackElo "2431"]
[PlyCount "149"]
[EventDate "2015.03.19"]
[EventType "swiss"]
[EventRounds "9"]
[EventCountry "ARG"]
[Source "lmi"]
[SourceDate "2015.03.19"]

1. Nf3 d5 2. c4 c6 3. d4 Nf6 4. g3 Bf5 5. Nc3 e6 6. Nh4 Bg6 7. Nxg6 hxg6 8. Bg2
Nbd7 9. Qd3 Be7 10. O-O O-O 11. Rd1 Rc8 12. e4 Nxe4 13. Nxe4 dxe4 14. Qxe4 Nf6
15. Qe2 Re8 16. Be3 Qa5 17. a3 Red8 18. b4 Qc7 19. Bf3 a6 20. Rd3 Rd7 21. Rad1
Qd8 22. Rc3 Qf8 23. Kg2 Rcd8 24. Rcd3 Ra8 25. Rb3 Rad8 26. Rbd3 Ra8 27. Rb3
Rad8 28. Qc2 Ne8 29. Rbd3 Nf6 30. h4 Bd6 31. Bg5 Rc8 32. Qb3 Be7 33. Bc1 Qd8
34. Be3 Qc7 35. Bf4 Bd6 36. Bg5 Be7 37. Bf4 Bd6 38. Bg5 Be7 39. a4 Qb6 40. c5
Qd8 41. b5 axb5 42. axb5 cxb5 43. Bxf6 Bxf6 44. d5 exd5 45. Bg4 d4 46. Qxb5
Rdc7 47. Bxc8 Qd5+ 48. Kg1 Rxc8 49. Rb3 Rc7 50. Rc1 Be7 51. c6 Qxb5 52. Rxb5
bxc6 53. Rd5 f5 54. Rxd4 Kf7 55. Rcd1 Ke6 56. Ra4 Bf6 57. Ra6 g5 58. h5 g4 59.
Kf1 Be5 60. Re1 Kd5 61. Ra8 Bc3 62. Rd1+ Ke6 63. Rd3 Bf6 64. Ra6 Be7 65. Ra5
Kf6 66. Ra6 Kg5 67. Ra5 Bf6 68. Rc5 Be7 69. Ra5 Bf6 70. Rd6 c5 71. Rd5 Bd4 72.
Ra6 Rb7 73. h6 gxh6 74. Rdd6 f4 75. Rd5+ 1-0

[Event "Copa Latina 2015"]
[Site "Vicente Lopez ARG"]
[Date "2015.03.23"]
[Round "7.3"]
[White "Obregon, Andres Carlos"]
[Black "Pichot, Alan"]
[Result "1/2-1/2"]
[WhiteElo "2531"]
[BlackElo "2482"]
[PlyCount "199"]
[EventDate "2015.03.19"]
[EventType "swiss"]
[EventRounds "9"]
[EventCountry "ARG"]
[Source "lmi"]
[SourceDate "2015.03.19"]

1. Nf3 Nf6 2. c4 g6 3. Nc3 Bg7 4. d4 O-O 5. e4 d6 6. Be2 e5 7. Be3 Nc6 8. O-O
Ng4 9. Bg5 f6 10. Bh4 g5 11. Bg3 Nh6 12. d5 Ne7 13. Nd2 Ng6 14. Re1 Nf4 15. Nf1
f5 16. exf5 Nxf5 17. Bg4 Nd4 18. Bxc8 Qxc8 19. Nb5 Nxb5 20. cxb5 a6 21. Qb3
axb5 22. Qxb5 c6 23. Qb3 Nxd5 24. Ne3 Qe6 25. Rad1 Ra5 26. Qxb7 Nxe3 27. Rxe3
Rxa2 28. Qxc6 Rxb2 29. h3 Rd8 30. Red3 Rc8 31. Qxd6 Qxd6 32. Rxd6 Rb7 33. R6d5
Re7 34. h4 gxh4 35. Bxh4 Rf7 36. Bg5 Re8 37. Re1 h6 38. Bd2 Rfe7 39. Re4 Re6
40. g3 R8e7 41. Kg2 Kf7 42. Bb4 Rb7 43. Bc3 Rbe7 44. Kf3 Rf6+ 45. Ke2 Rfe6 46.
Rb5 Kg6 47. Rc4 h5 48. Bd2 Ra7 49. Be3 Ra2+ 50. Kf3 Bh6 51. Ke4 Bxe3 52. fxe3
Rg2 53. Rb8 Re7 54. Rg8+ Rg7 55. Rc6+ Kh7 56. Rxg7+ Kxg7 57. Kf3 Ra2 58. Re6
Ra5 59. Ke4 Ra4+ 60. Kf3 Ra5 61. g4 hxg4+ 62. Kxg4 Kf7 63. Rb6 e4 64. Kf4 Ra4
65. Kf5 Ke7 66. Ke5 Kd7 67. Rb7+ Kc6 68. Rh7 Rb4 69. Ra7 Kb6 70. Rd7 Kc6 71.
Rd1 Ra4 72. Rf1 Rb4 73. Rf4 Kd7 74. Rf6 Ra4 75. Kd5 Ke7 76. Rb6 Kf7 77. Ke5 Rc4
78. Rb7+ Kg6 79. Rd7 Ra4 80. Rd8 Kf7 81. Rh8 Kg7 82. Rh4 Kf7 83. Rg4 Ra5+ 84.
Kf4 Kf6 85. Rh4 Kg7 86. Rh1 Ra4 87. Kf5 Rc4 88. Ra1 Kf8 89. Ra7 Ke8 90. Ke6
Rc6+ 91. Kd5 Rh6 92. Kxe4 Rb6 93. Kf4 Rc6 94. e4 Rb6 95. e5 Rc6 96. Kf5 Rb6 97.
Rc7 Ra6 98. Rb7 Rc6 99. Rh7 Ra6 100. Rb7 1/2-1/2

[Event "Copa Latina 2015"]
[Site "Vicente Lopez ARG"]
[Date "2015.03.23"]
[Round "7.4"]
[White "Real De Azua, Ernesto"]
[Black "Valerga, Diego"]
[Result "1/2-1/2"]
[WhiteElo "2435"]
[BlackElo "2482"]
[PlyCount "59"]
[EventDate "2015.03.19"]
[EventType "swiss"]
[EventRounds "9"]
[EventCountry "ARG"]
[Source "lmi"]
[SourceDate "2015.03.19"]

1. d4 Nf6 2. c4 e6 3. Nf3 d5 4. Nc3 Bb4 5. Qa4+ Nc6 6. Bg5 h6 7. Bxf6 Qxf6 8.
e3 O-O 9. Be2 a6 10. O-O dxc4 11. Bxc4 Bd7 12. Qc2 Rfd8 13. a3 Bd6 14. Rac1 Qe7
15. Rfe1 Rac8 16. Ba2 Na7 17. e4 Qf8 18. e5 Be7 19. d5 Nb5 20. Ne4 exd5 21.
Bxd5 c6 22. Bc4 Bg4 23. Qb3 Bxf3 24. Qxf3 Nd4 25. Qh5 b5 26. Ba2 c5 27. f4 c4
28. Kh1 g6 29. Qh3 h5 30. Bb1 1/2-1/2

[Event "Copa Latina 2015"]
[Site "Vicente Lopez ARG"]
[Date "2015.03.23"]
[Round "7.5"]
[White "Slipak, Sergio"]
[Black "Felgaer, Ruben"]
[Result "0-1"]
[WhiteElo "2436"]
[BlackElo "2580"]
[PlyCount "132"]
[EventDate "2015.03.19"]
[EventType "swiss"]
[EventRounds "9"]
[EventCountry "ARG"]
[Source "lmi"]
[SourceDate "2015.03.19"]

1. d4 Nf6 2. Nf3 c6 3. c3 d6 4. h3 Bf5 5. g4 Bg6 6. Bg2 e6 7. Bf4 Be7 8. Nbd2
Ne4 9. O-O Nd7 10. Ne1 d5 11. Nxe4 dxe4 12. Qc2 e3 13. Qb3 exf2+ 14. Rxf2 e5
15. Bg3 Qb6 16. Qxb6 axb6 17. e3 h5 18. Nf3 hxg4 19. hxg4 e4 20. Nd2 Nf6 21.
Re2 Ra5 22. Nc4 Rg5 23. Bf4 Rxg4 24. Ne5 Rgh4 25. Nxg6 fxg6 26. Be5 Kd7 27. Rf1
Ke6 28. c4 Bd6 29. Bxd6 Kxd6 30. Rc1 R8h5 31. b4 b5 32. cxb5 Rxb5 33. a3 Rg5
34. Rc5 Nd5 35. b5 Rhg4 36. bxc6 bxc6 37. a4 Rf5 38. a5 Rf7 39. a6 Ra7 40. Ra5
Kc7 41. Ra3 Rg5 42. Rf2 Nf6 43. Rf4 Kb6 44. Kh2 Rxa6 45. Rxa6+ Kxa6 46. Bxe4
Kb6 47. Bf3 Rf5 48. Kg3 Ra5 49. e4 Ra3 50. Kh4 Nh7 51. Kg3 Ng5 52. e5 Rd3 53.
Kg2 Ne6 54. Rg4 g5 55. Be2 Rd2 56. Kf1 Rxd4 57. Kf2 Kc5 58. Ke3 Kd5 59. Bf3+
Kxe5 60. Rg1 c5 61. Bg4 Re4+ 62. Kd2 Nd4 63. Bd1 Kf5 64. Kd3 g4 65. Rg2 Nf3 66.
Kc3 Kf4 0-1

[Event "Copa Latina 2015"]
[Site "Vicente Lopez ARG"]
[Date "2015.03.23"]
[Round "7.6"]
[White "Morovic Fernandez, Ivan"]
[Black "Di Giannantonio, Nino"]
[Result "1-0"]
[WhiteElo "2568"]
[BlackElo "2358"]
[PlyCount "79"]
[EventDate "2015.03.19"]
[EventType "swiss"]
[EventRounds "9"]
[EventCountry "ARG"]
[Source "lmi"]
[SourceDate "2015.03.19"]

1. e4 d6 2. d4 Nf6 3. Nc3 e5 4. Nf3 Nbd7 5. g3 Be7 6. Bg2 O-O 7. O-O c6 8. a4
a5 9. Re1 Re8 10. b3 Qc7 11. Bb2 Nf8 12. h3 Ng6 13. Qd3 Be6 14. Rad1 Rad8 15.
d5 cxd5 16. exd5 Bc8 17. Nd2 Nd7 18. Nb5 Qb8 19. Ba3 b6 20. Bf1 Ba6 21. Qe3 Nf6
22. Nc4 Bxb5 23. axb5 Nd7 24. h4 Qc7 25. Rd3 Ra8 26. Rc3 Qb8 27. Bh3 Ngf8 28.
Nb2 Nc5 29. Na4 Bd8 30. Rc4 Ra7 31. Qe2 g6 32. Nxc5 dxc5 33. Bb2 Qd6 34. Bxe5
Qxd5 35. Bg2 Qe6 36. Bc6 Ree7 37. Re4 Qf5 38. Bb8 Ne6 39. Bxa7 Nd4 40. Rxd4 1-0

[Event "Copa Latina 2015"]
[Site "Vicente Lopez ARG"]
[Date "2015.03.23"]
[Round "7.7"]
[White "Mekhitarian, Krikor Sevag"]
[Black "Quintiliano Pinto, Renato R"]
[Result "1/2-1/2"]
[WhiteElo "2556"]
[BlackElo "2403"]
[PlyCount "99"]
[EventDate "2015.03.19"]
[EventType "swiss"]
[EventRounds "9"]
[EventCountry "ARG"]
[Source "lmi"]
[SourceDate "2015.03.19"]

1. e4 c5 2. Nf3 d6 3. d4 cxd4 4. Nxd4 Nf6 5. Nc3 a6 6. h3 e6 7. g4 Be7 8. g5
Nfd7 9. Be3 b5 10. a3 Bb7 11. Qd2 Nc6 12. h4 Rc8 13. Nxc6 Bxc6 14. O-O-O Nc5
15. f3 O-O 16. Kb1 Rb8 17. b4 Nd7 18. h5 a5 19. g6 axb4 20. axb4 Bf6 21. h6
fxg6 22. Bh3 Qe7 23. Qxd6 Rfe8 24. Qxc6 Qxb4+ 25. Kc1 Nf8 26. Rd3 Rbc8 27. Qxb5
Qa3+ 28. Qb2 Qxb2+ 29. Kxb2 Rxc3 30. Rxc3 Rb8+ 31. Ka3 Bxc3 32. Rd1 Bb2+ 33.
Ka4 Ra8+ 34. Kb3 Rb8+ 35. Ka4 Rc8 36. Kb5 Rb8+ 37. Ka6 Rc8 38. c4 Rxc4 39. Rd8
Kf7 40. Kb5 Rc7 41. Bc5 Nd7 42. Bd6 Ra7 43. f4 Bf6 44. Rc8 gxh6 45. e5 Be7 46.
Kc6 Nf8 47. Kb6 Rd7 48. Kc6 Ra7 49. Kb6 Rd7 50. Kc6 1/2-1/2

[Event "Copa Latina 2015"]
[Site "Vicente Lopez ARG"]
[Date "2015.03.23"]
[Round "7.8"]
[White "Perez Ponsa, Federico"]
[Black "Rios, Cristhian Camilo"]
[Result "1/2-1/2"]
[WhiteElo "2540"]
[BlackElo "2415"]
[PlyCount "103"]
[EventDate "2015.03.19"]
[EventType "swiss"]
[EventRounds "9"]
[EventCountry "ARG"]
[Source "lmi"]
[SourceDate "2015.03.19"]

1. d4 Nf6 2. c4 e6 3. g3 Bb4+ 4. Bd2 c5 5. Bxb4 cxb4 6. Bg2 O-O 7. e4 d6 8. Ne2
e5 9. a3 Qb6 10. O-O Na6 11. Qd2 Re8 12. axb4 Qxb4 13. Qxb4 Nxb4 14. Nbc3 Bd7
15. b3 Bc6 16. f3 Nc2 17. Ra2 Nb4 18. Rd2 a6 19. Bh3 b5 20. d5 Bd7 21. Bxd7
Nxd7 22. cxb5 Reb8 23. bxa6 Nc5 24. Rb1 Rxa6 25. Nd1 Kf8 26. Ne3 g6 27. Nc3 Ke7
28. Na4 Nbd3 29. Nxc5 Nxc5 30. b4 Rab6 31. Rdb2 Nd3 32. Ra2 Rxb4 33. Ra7+ Kf8
34. Rxb4 Rxb4 35. Ra1 h5 36. Rd1 Nc5 37. Rc1 Ke7 38. Nc4 Nb3 39. Rb1 Rxc4 40.
Rxb3 Rc2 41. Rb7+ Ke8 42. Rb1 Ke7 43. h4 Rd2 44. Kf1 Rh2 45. Kg1 Rd2 46. Rf1 f5
47. Ra1 fxe4 48. fxe4 Rd4 49. Re1 Rd2 50. Re3 Ra2 51. Kf1 Rb2 52. Ke1 1/2-1/2

[Event "Copa Latina 2015"]
[Site "Vicente Lopez ARG"]
[Date "2015.03.23"]
[Round "7.9"]
[White "Hernandez Guerrero, Gilberto"]
[Black "Cori Quispe, Kevin"]
[Result "1-0"]
[WhiteElo "2517"]
[BlackElo "2382"]
[PlyCount "51"]
[EventDate "2015.03.19"]
[EventType "swiss"]
[EventRounds "9"]
[EventCountry "ARG"]
[Source "lmi"]
[SourceDate "2015.03.19"]

1. e4 c5 2. Nf3 e6 3. b3 b6 4. Bd3 Bb7 5. O-O Nf6 6. Re1 Be7 7. Bb2 d6 8. a4
O-O 9. a5 Na6 10. e5 dxe5 11. Nxe5 Nb4 12. a6 Bc6 13. Bf1 Be8 14. Na3 Nc6 15.
Nac4 Rb8 16. Nxc6 Bxc6 17. Ne5 Ba8 18. Ra4 b5 19. Rh4 Nd5 20. Rg4 f6 21. Nf3 e5
22. c4 Nf4 23. Nxe5 g5 24. Rxf4 gxf4 25. Qg4+ Kh8 26. Nd7 1-0